Súčasné trendy v terciárnom vzdelávaní v cestovnom ruchu

Teoretické východiská skúmania súčasných trendov v terciárnom vzdelávaní v cestovnom ruchu. Medzinárodný kontext štúdia cestovného ruchu. Vyučovacie predmety a ich moduly. Internacionalizácia verzus lokalizácia vzdelávania. Výsledky vzdelávania a didaktika vyučovacích predmetov. Duálne vzdelávanie a...

Ausführliche Beschreibung

Gespeichert in:
Bibliographische Detailangaben
1. Verfasser: Gúčik, Marián
Weitere Verfasser: Vetráková, Milota
Format: Buchkapitel
Sprache:Slowakisch
Schlagworte:
Tags: Tag hinzufügen
Keine Tags, Fügen Sie das erste Tag hinzu!

MARC

LEADER 00000naa a2200000 4500
001 0207755
005 20231016074945.0
041 0 |a slo 
044 |a SK 
245 1 0 |a Súčasné trendy v terciárnom vzdelávaní v cestovnom ruchu  |c Marián Gúčik, Milota Vetráková 
520 |a Teoretické východiská skúmania súčasných trendov v terciárnom vzdelávaní v cestovnom ruchu. Medzinárodný kontext štúdia cestovného ruchu. Vyučovacie predmety a ich moduly. Internacionalizácia verzus lokalizácia vzdelávania. Výsledky vzdelávania a didaktika vyučovacích predmetov. Duálne vzdelávanie a uplatniteľnosť absolventov v praxi. Kvalita vzdelávania a úloha učiteľa - vedca. 
610 2 0 |a vzdelávanie vysokoškolské 
610 2 0 |a vzdelávanie duálne 
610 2 0 |a školy vysoké 
610 2 0 |a predmety učebné 
610 2 0 |a vyučovanie 
610 2 0 |a ruch cestovný 
610 2 0 |a kvalita vzdelávania 
610 2 0 |a učitelia 
610 2 0 |a didaktika 
100 1 |a Gúčik, Marián 
700 1 |a Vetráková, Milota